| 000 | 00688 a2200205 4500 | ||
|---|---|---|---|
| 001 | 61688 | ||
| 005 | 20260407155907.0 | ||
| 008 | 260407a1989 arg spa d | ||
| 003 | AR-UNSa-BCEJYS | ||
| 040 |
_aAR-UNSa-BCEJYS _bspa _cAR-UNSa-BCEJYS |
||
| 080 |
_a347.72 _xSociedades comerciales |
||
| 245 | 1 | 0 |
_aManual práctico de sociedades _pModelos de contratos con sus modificaciones y variantes. Jurisprudencia ordenada por sociedades y cláusulas contractuales |
| 020 | _a978-950-508-141-7 | ||
| 264 | 1 |
_aBuenos Aires : _bAstrea _c1989 |
|
| 300 |
_axxiii, 527 p. _c23 cm. |
||
| 041 | _aspa | ||
| 942 | _cBK | ||
| 590 | _aniveau_biblio:m niveau_hierar:0 | ||
| 100 | 1 | _aAramouni, Alberto | |
| 999 |
_c7364 _d7364 |
||